| 000 | 00426nam a22001697a 4500 | ||
|---|---|---|---|
| 999 |
_c571 _d571 |
||
| 003 | OSt | ||
| 005 | 20180820170753.0 | ||
| 008 | 180820b ||||| |||| 00| 0 eng d | ||
| 040 | _cDLC | ||
| 082 |
_a230 _bM657H |
||
| 100 | _aMills, Jack | ||
| 245 |
_aHe Will Be Great _cJack Mills |
||
| 260 |
_aTorquay _bThe Devonshire Press. Ltd., _cc1985 |
||
| 300 | _a138 p.: | ||
| 650 |
_aSpiritual Growth _xChristian Life |
||
| 942 |
_2ddc _cBK |
||